[Event "Vasteras Open 2018"]
[Site "Vasteras"]
[Date "2018.09.30"]
[Round "8"]
[White "Kucuksari, Kaan"]
[Black "Johansson, Gunnar"]
[Result "1/2-1/2"]
[WhiteElo "2327"]
[BlackElo "2252"]
[Annotator "NA"]
[PlyCount "93"]
[EventDate "2018.09.28"]
[EventCountry "SWE"]
[SourceTitle "playchess.com"]
[Source "ChessBase"]
[SourceQuality "1"]
[TimeControl "5400+30"]

1. d4 {[%emt 0:00:00]} d5 {[%emt 0:00:00]} 2. Nf3 {[%emt 0:00:00]} Nf6 {[%emt 0:00:00]} 3. e3 {[%emt 0:00:00]} c5 {[%emt 0:00:42]} 4. Nbd2 {[%emt 0:00:12]} e6 {[%emt 0:03:00]} 5. c3 {[%emt 0:00:06]} Nc6 {[%emt 0:00:40]} 6. Bd3 {[%emt 0:00:09]} Bd6 {[%emt 0:01:45]} 7. O-O {[%emt 0:00:08]} O-O {[%emt 0:00:42]} 8. dxc5 {[%emt 0:00:07]} Bxc5 {[%emt 0:00:07]} 9. e4 {[%emt 0:00:09]} Qc7 {[%emt 0:21:50]} 10. exd5 {[%emt 0:00:07]} exd5 {[%emt 0:00:20]} 11. Nb3 {[%emt 0:00:07]} Bd6 {[%emt 0:02:41]} 12. h3 {[%emt 0:01:22]} Bd7 {[%emt 0:04:46]} 13. Be3 {[%emt 0:06:58]} Rfe8 {[%emt 0:02:23]} 14. Nbd4 {[%emt 0:03:14]} a6 {[%emt 0:08:12]} 15. Re1 {[%emt 0:10:52]} h6 {[%emt 0:05:41]} 16. Qc2 {[%emt 0:06:39]} Na5 {[%emt 0:04:41]} 17. Nf5 {[%emt 0:03:57]} Bxf5 {[%emt 0:01:24]} 18. Bxf5 {[%emt 0:00:29]} Nc6 {[%emt 0:01:25]} 19. Rad1 {[%emt 0:12:50]} Re7 {[%emt 0:03:48]} 20. Qa4 {[%emt 0:02:41]} Ne5 {[%emt 0:04:27]} 21. Nxe5 {[%emt 0:02:06]} Rxe5 {[%emt 0:00:11]} 22. Bc2 {[%emt 0:08:53]} Rae8 {[%emt 0:00:31]} 23. Rf1 {[%emt 0:01:38]} R5e7 {[%emt 0:02:38]} 24. Qd4 {[%emt 0:01:31]} Re6 {[%emt 0:05:24]} 25. Qd3 {[%emt 0:06:08]} Bc5 {[%emt 0:01:45]} 26. Bxc5 {[%emt 0:05:39]} Qxc5 {[%emt 0:00:02]} 27. b4 {[%emt 0:01:40]} Qc7 {[%emt 0:04:16]} 28. Bb3 {[%emt 0:02:12]} Rc6 {[%emt 0:00:58]} 29. Rc1 {[%emt 0:01:50]} Rc8 {[%emt 0:01:00]} 30. Rfd1 {[%emt 0:04:47]} Rxc3 {[%emt 0:00:32]} 31. Rxc3 {[%emt 0:00:20]} Qxc3 {[%emt 0:00:06]} 32. Qxc3 {[%emt 0:00:29]} Rxc3 {[%emt 0:00:03]} 33. Bxd5 {[%emt 0:02:14]} Nxd5 {[%emt 0:00:07]} 34. Rxd5 {[%emt 0:00:01]} Rc1+ {[%emt 0:00:30]} 35. Kh2 {[%emt 0:00:01]} Rc2 {[%emt 0:00:12]} 36. Rd8+ {[%emt 0:07:48]} Kh7 {[%emt 0:00:16]} 37. Rd7 {[%emt 0:00:15]} Rxf2 {[%emt 0:06:08]} 38. Rxb7 {[%emt 0:00:52]} Rxa2 {[%emt 0:00:46]} 39. Rxf7 Ra4 {[%emt 0:01:22]} 40. Rb7 {[%emt 0:00:10]} a5 {[%emt 0:00:17]} 41. b5 {[%emt 0:01:04]} Rb4 {[%emt 0:00:07]} 42. Kg3 {[%emt 0:00:45]} a4 {[%emt 0:00:15]} 43. Kf3 {[%emt 0:00:17]} a3 {[%emt 0:00:07]} 44. Ra7 {[%emt 0:00:03]} Rxb5 {[%emt 0:00:24]} 45. Rxa3 {[%emt 0:00:05]} h5 {[%emt 0:00:10]} 46. Kf4 {[%emt 0:00:08]} Kh6 {[%emt 0:01:13]} 47. Ke4 1/2-1/2

[Event "Vasteras Open 2018"]
[Site "Vasteras"]
[Date "2018.09.30"]
[Round "8"]
[White "Malmstig, Erik"]
[Black "Von Bahr, Oskar"]
[Result "1-0"]
[WhiteElo "2309"]
[BlackElo "2418"]
[Annotator "TA"]
[PlyCount "83"]
[EventDate "2018.09.28"]
[EventCountry "SWE"]
[SourceTitle "playchess.com"]
[Source "ChessBase"]
[SourceQuality "1"]

{[%evp 12,83,16,4,26,17,35,0,-10,0,-12,-16,0,-17,-8,-37,0,0,0,0,17,20,46,39,63,66,53,48,48,67,66,78,80,83,135,124,216,227,203,232,216,214,276,286,433,426,468,430,471,481,481,490,505,479,509,414,409,406,488,489,523,501,477,406,589,568,630,607,587,573,573,573,663,593]} 1. d4 Nf6 2. c4 g6 3. Nc3 d5 4. e3 Bg7 5. Nf3 O-O 6. b4 c6 7. Bb2 dxc4 {D94: Grünfeld: 4 Nf3 Bg7 5 e3} (7... Bg4 8. h3 Bxf3 9. gxf3 Nbd7 10. f4 a5 11. b5 a4 12. Rc1 Qa5 13. Qd2 dxc4 14. bxc6 bxc6 15. Bxc4 c5 {½-½ (50) Kamsky,G (2763)-Gelfand,B (2773) Beijing 2013}) 8. Bxc4 b5 9. Bb3 a5 {The position is equal.} 10. bxa5 Qxa5 11. O-O Bb7 12. Rc1 $146 ({Predecessor:} 12. Re1 c5 13. dxc5 Nfd7 14. Qc2 e6 15. Nd4 Nxc5 16. Ncxb5 {1-0 (38) Jenei,F-Lengyel,L Pecs 1955}) 12... Nbd7 13. e4 b4 14. e5 bxc3 15. Bxc3 Qa6 {[#] ...Nd5 is the strong threat.} 16. exf6 Bxf6 17. Ne5 $36 {[%mdl 2048] White has the initiative.} Rad8 {White must now prevent ...Nxe5.} 18. Qg4 Bc8 19. Qg3 Nxe5 20. dxe5 Bg7 21. Bb4 Qb7 22. Qh4 g5 (22... Rfe8 $142) 23. Qe4 $16 c5 (23... Bf5 $16 {might work better.} 24. Qxf5 Qxb4 25. Qxg5 Rd4 26. Rxc6 Rg4) 24. Qxb7 $18 Bxb7 25. Bxc5 Rde8 26. Rfe1 h6 27. Bb4 Bc8 (27... Rc8 $142 28. e6 (28. Bxe7 Rfe8 $18) 28... Bf6 29. exf7+ Kg7) 28. Ba4 Be6 29. Bxe8 Rxe8 30. a4 Kh7 31. h3 h5 32. Rc7 Kg6 33. Bxe7 Ra8 34. Re4 Kf5 35. f3 Bd5 36. Rd4 Kxe5 37. Bc5 Bf8 (37... Bf6 $142 38. Rb4 h4 39. Bd4+ Kd6) 38. Rd1 {White is clearly winning.} Bh6 39. Bd4+ Kd6 40. Ra7 Rxa7 41. Bxa7 Bg7 42. Be3 {Precision: White = 67%, Black = 30%.} 1-0

[Event "Vasteras Open 2018"]
[Site "Vasteras"]
[Date "2018.09.30"]
[Round "8"]
[White "Ornstein, Axel"]
[Black "Johansson, Linus"]
[Result "0-1"]
[WhiteElo "2306"]
[BlackElo "2461"]
[Annotator "TA"]
[PlyCount "72"]
[EventDate "2018.09.28"]
[EventCountry "SWE"]
[SourceTitle "playchess.com"]
[Source "ChessBase"]
[SourceQuality "1"]

{[%evp 21,72,18,23,24,18,0,0,-27,-20,-10,-13,-29,-38,-51,-44,-43,-49,-49,-62,-38,-45,-45,0,-12,-14,-82,-102,-149,-147,-165,-159,-163,-153,-189,-167,-182,-143,-341,-334,-287,-271,-511,-493,-430,-485,-375,-416,-511,-514,-512,-512,-450,-101]} 1. Nf3 Nf6 2. c4 e6 3. d4 d5 4. Nc3 Nbd7 5. Bg5 c6 6. cxd5 exd5 7. e3 h6 {D35: Damengambit (Abtauschvariante)} (7... Be7 8. Bd3 Ne4 9. Bf4 Ndf6 10. h3 Bf5 11. Qc2 Nxc3 12. Bxf5 Nce4 13. O-O g6 14. Bxe4 Nxe4 15. Bh6 f6 16. b4 Qd7 17. Rab1 {0-1 (31) Gupta,A (2588)-Dreev,A (2649) chess.com INT 2018}) 8. Bh4 g5 9. Bg3 Nh5 10. Bd3 Nxg3 11. hxg3 Bg7 {LiveBook: 53 Partien} 12. Qc2 Nb6 $146 ({Vorgänger:} 12... Qe7 13. O-O-O Nb6 14. Kb1 Be6 15. Ne5 {½-½ (31) Krysa,L (2529)-Admiraal,M (2465) Teplice 2018}) 13. O-O-O Be6 14. Ne5 Qe7 15. f4 O-O-O 16. Kb1 Kb8 17. e4 Bxe5 18. dxe5 d4 19. Na4 Nxa4 20. Qxa4 h5 {[%cal Bh6h5,Bh5h4][%mdl 32]} 21. Be2 h4 22. Rxd4 hxg3 23. Rxh8 (23. Rxd8+ $11 {hält das Gleichgewicht.} Qxd8 24. Rxh8 Qxh8 25. f5) 23... Rxh8 $17 24. f5 Bc8 25. Qa5 {[#]} b6 $1 26. Qc3 Qxe5 {Und ...Th2 würde nun gewinnen.} 27. a3 Rh1+ 28. Ka2 c5 $36 {[%mdl 2048] Schwarz bestimmt, wo es lang geht.} 29. Rd8 $2 (29. Rc4 $17 Qxc3 30. Rxc3) 29... Qxc3 $19 ({Falsch wäre} 29... Qxe4 $2 30. Qxg3+ Qf4 {[#]} 31. Ba6 $1 $18 {[%mdl 512]}) 30. bxc3 {[%mdl 4096] Endspiel Schwarz muss nun La6 beachten. KTL-KTL} Kc7 31. Rf8 $2 (31. Rg8 Re1 32. Bd3) 31... Rg1 32. Rxf7+ Kd6 33. Bf3 {[#]} g4 $1 {[%cal Rg4f3][%mdl 512]} 34. Bxg4 {Schwarz sollte Lf3 verhindern.} Rxg2+ {Schwarz steht klar auf Gewinn.} 35. Kb3 Rg1 36. Rg7 Ke5 $2 {Precision: Weiß = 36%, Schwarz = 79%.} (36... g2 $19 {bietet bessere Gewinnchancen.} 37. Bd1 Rxd1 38. Rxg2 Ke5) 0-1

[Event "Vasteras Open 2018"]
[Site "Vasteras"]
[Date "2018.09.30"]
[Round "8"]
[White "Pantzar, Milton"]
[Black "Marttala, Thomas"]
[Result "1/2-1/2"]
[WhiteElo "2300"]
[BlackElo "2177"]
[Annotator "NA"]
[PlyCount "89"]
[EventDate "2018.09.28"]
[EventCountry "SWE"]
[SourceTitle "playchess.com"]
[Source "ChessBase"]
[SourceQuality "1"]
[TimeControl "5400+30"]

1. c4 {[%emt 0:00:00]} e5 {[%emt 0:00:16]} 2. Nc3 {[%emt 0:00:06]} Nf6 {[%emt 0:02:39]} 3. e3 {[%emt 0:00:33]} Bb4 {[%emt 0:04:31]} 4. Nge2 {[%emt 0:02:17]} O-O {[%emt 0:02:18]} 5. a3 {[%emt 0:00:51]} Bxc3 {[%emt 0:00:52]} 6. Nxc3 {[%emt 0:01:20]} d6 {[%emt 0:04:33]} 7. Be2 {[%emt 0:04:29]} a5 {[%emt 0:09:09]} 8. O-O {[%emt 0:01:46]} Nc6 {[%emt 0:00:54]} 9. b3 {[%emt 0:09:07]} Re8 {[%emt 0:07:14]} 10. Bb2 {[%emt 0:01:24]} Bf5 {[%emt 0:12:26]} 11. f4 {[%emt 0:16:41]} exf4 {[%emt 0:07:31]} 12. Rxf4 {[%emt 0:00:36]} Bg6 {[%emt 0:00:12]} 13. Qe1 {[%emt 0:08:41]} Ne5 {[%emt 0:01:43]} 14. Qh4 {[%emt 0:09:24]} Bd3 {[%emt 0:03:50]} 15. Qh3 {[%emt 0:22:16]} Bxe2 {[%emt 0:05:40]} 16. Nxe2 {[%emt 0:00:06]} Nd3 {[%emt 0:00:16]} 17. Rxf6 {[%emt 0:00:11]} Nxb2 {[%emt 0:00:15]} 18. Rf3 {[%emt 0:02:30]} Nd3 {[%emt 0:01:10]} 19. Raf1 {[%emt 0:01:36]} Ne5 {[%emt 0:09:05]} 20. Rg3 {[%emt 0:00:37]} c6 {[%emt 0:08:40]} 21. Nd4 {[%emt 0:00:56]} Ng6 {[%emt 0:01:28]} 22. Qf5 {[%emt 0:02:27]} Qc7 {[%emt 0:04:00]} 23. Qg4 {[%emt 0:03:57]} d5 {[%emt 0:02:03]} 24. cxd5 {[%emt 0:01:43]} cxd5 {[%emt 0:00:12]} 25. Rh3 {[%emt 0:00:58]} Re5 {[%emt 0:02:12]} 26. Nf5 {[%emt 0:00:58]} Ra6 {[%emt 0:02:18]} 27. Qg3 {[%emt 0:02:16]} Rc6 {[%emt 0:00:56]} 28. Qf2 {[%emt 0:01:20]} Rc1 {[%emt 0:00:36]} 29. Nd4 {[%emt 0:01:24]} Re8 {[%emt 0:01:42]} 30. Rf3 {[%emt 0:00:25]} Ne5 {[%emt 0:00:45]} 31. Rf5 {[%emt 0:00:40]} g6 {[%emt 0:00:59]} 32. Qg3 {[%emt 0:01:05]} Rxf1+ {[%emt 0:01:41]} 33. Rxf1 {[%emt 0:00:11]} Kh8 {[%emt 0:01:23]} 34. h3 {[%emt 0:00:38]} Qe7 {[%emt 0:00:27]} 35. a4 {[%emt 0:00:36]} f5 {[%emt 0:00:23]} 36. Rc1 {[%emt 0:00:38]} Qb4 {[%emt 0:00:55]} 37. Rc8 {[%emt 0:00:43]} Qe7 {[%emt 0:00:16]} 38. Rxe8+ {[%emt 0:00:53]} Qxe8 {[%emt 0:00:02]} 39. Qh4 {[%emt 0:00:55]} Kg7 {[%emt 0:00:20]} 40. Qg5 {[%emt 0:00:15]} Nf7 {[%emt 0:01:13]} 41. Qg3 {[%emt 0:00:48]} Qe5 {[%emt 0:00:29]} 42. Qe1 {[%emt 0:00:44]} Nd6 {[%emt 0:00:34]} 43. Qa1 {[%emt 0:01:07]} Kh6 {[%emt 0:00:56]} 44. Qe1 {[%emt 0:00:40]} Kg7 {[%emt 0:00:09]} 45. Qa1 {[%emt 0:00:19]} 1/2-1/2

[Event "Vasteras Open 2018"]
[Site "Vasteras"]
[Date "2018.09.30"]
[Round "8"]
[White "Larsson, Anders"]
[Black "Akesson, Ralf"]
[Result "1/2-1/2"]
[WhiteElo "2238"]
[BlackElo "2372"]
[Annotator "NA"]
[PlyCount "30"]
[EventDate "2018.09.28"]
[EventCountry "SWE"]
[SourceTitle "playchess.com"]
[Source "ChessBase"]
[SourceQuality "1"]
[TimeControl "5400+30"]

1. d4 {[%emt 0:00:22]} Nf6 {[%emt 0:00:00]} 2. Nf3 {[%emt 0:00:21]} e6 {[%emt 0:00:28]} 3. Bg5 {[%emt 0:00:27]} c5 {[%emt 0:02:41]} 4. e3 {[%emt 0:05:50]} Qb6 {[%emt 0:02:10]} 5. Qc1 {[%emt 0:02:08]} Ne4 {[%emt 0:03:05]} 6. h4 {[%emt 0:01:47]} d5 {[%emt 0:01:57]} 7. c3 {[%emt 0:00:39]} Nc6 {[%emt 0:02:50]} 8. Nbd2 {[%emt 0:04:14]} Nxd2 {[%emt 0:08:35]} 9. Qxd2 {[%emt 0:01:01]} Bd6 {[%emt 0:01:24]} 10. O-O-O {[%emt 0:03:14]} Bd7 {[%emt 0:03:43]} 11. Bf4 {[%emt 0:05:16]} Bxf4 {[%emt 0:03:42]} 12. exf4 {[%emt 0:01:03]} cxd4 {[%emt 0:06:43]} 13. Nxd4 {[%emt 0:00:11]} Rc8 {[%emt 0:02:37]} 14. Kb1 {[%emt 0:00:31]} Nxd4 {[%emt 0:03:57]} 15. Qxd4 {[%emt 0:00:39]} Qxd4 1/2-1/2